000 01122nam0a22002651 4500
001 rc\4377117
005 20260406184512.0
021 _aRU
_b[60-83435]
035 _a(NLR Aleph) 008545552
090 _a8374056
_c8374056
100 _a20130416d1960 |||y0rusy50 ca
101 0 _arus
102 _aRU
105 _ay z |||||
200 1 _aВопросы теории социалистического общества
_e[Сборник статей
_fРед. коллегия: проф. Г.М. Гак и др.]
_gАкад. обществ. наук при ЦК КПСС. Кафедра философии
210 _aМосква
_cИзд-во ВПШ и АОН
_d1960
215 _a255 с.
_d22
606 _aСоциалистическое общество
_jСборники
_2psbo
702 1 _aГак
_bГ.М.
_gГригорий Моисеевич
_4340
712 0 2 _aАкадемия общественных наук
_cМосква
_bКафедра философии
_3RU\NLR\AUTH\889949867
_9395466
801 0 _aRU
_bNLR
_gpsbo
801 1 _aRU
_bELAR
_2rusmarc
852 _aNLR
_j60-3/5647
942 _cBOOK
980 _aNB